000
00334nam a2200133Ia 4500
008
231017s9999 xx 000 0 und d
082
_a
363.731RIC
082
_b
RIC
245
4
_a
The Ecology of Industry
245
0
_c
National academy of engineering
260
_b
National academy of engineering
300
_c
30cm
942
_c
REP
999
_c
605045
_d
605045